Essentials of Nursing Informatics / (Record no. 16050)
[ view plain ]
| 000 -LEADER | |
|---|---|
| fixed length control field | 01749cam a22003854a 4500 |
| 001 - CONTROL NUMBER | |
| control field | 14252345 |
| 005 - DATE AND TIME OF LATEST TRANSACTION | |
| control field | 20060725191636.0 |
| 008 - FIXED-LENGTH DATA ELEMENTS--GENERAL INFORMATION | |
| fixed length control field | 060202s2006 nyua b 001 0 eng |
| 010 ## - LIBRARY OF CONGRESS CONTROL NUMBER | |
| LC control number | 2006272416 |
| 020 ## - INTERNATIONAL STANDARD BOOK NUMBER | |
| International Standard Book Number | 0071441972 |
| 020 ## - INTERNATIONAL STANDARD BOOK NUMBER | |
| International Standard Book Number | 9780071441971 |
| 040 ## - CATALOGING SOURCE | |
| Original cataloging agency | DLC |
| Transcribing agency | DLC |
| Modifying agency | DLC |
| 042 ## - AUTHENTICATION CODE | |
| Authentication code | pcc |
| 050 00 - LIBRARY OF CONGRESS CALL NUMBER | |
| Classification number | RT50.5 |
| Item number | .S23 2006 |
| 082 00 - DEWEY DECIMAL CLASSIFICATION NUMBER | |
| Classification number | 610.730285 |
| Edition number | 22 |
| Item number | ESS |
| 245 00 - TITLE STATEMENT | |
| Title | Essentials of Nursing Informatics / |
| Statement of responsibility, etc | [edited by] Virginia K. Saba, Kathleen A. McCormick. |
| 250 ## - EDITION STATEMENT | |
| Edition statement | 4th ed. |
| 260 ## - PUBLICATION, DISTRIBUTION, ETC. (IMPRINT) | |
| Place of publication, distribution, etc | New York : |
| Name of publisher, distributor, etc | McGraw-Hill, Medical Pub. Division, 2006 |
| Date of publication, distribution, etc | c2006. |
| 300 ## - PHYSICAL DESCRIPTION | |
| Extent | xxv, 705 p. : |
| Other physical details | ill. ; |
| Dimensions | 24 cm. |
| 500 ## - GENERAL NOTE | |
| General note | Rev. ed. of: Essentials of computers for nurses. 3rd ed. c2001. |
| 504 ## - BIBLIOGRAPHY, ETC. NOTE | |
| Bibliography, etc | Includes bibliographical references and index. |
| 650 #0 - SUBJECT ADDED ENTRY--TOPICAL TERM | |
| Topical term or geographic name as entry element | Nursing |
| General subdivision | Data processing. |
| 9 (RLIN) | 27240 |
| 650 #0 - SUBJECT ADDED ENTRY--TOPICAL TERM | |
| Topical term or geographic name as entry element | Computers. |
| 9 (RLIN) | 27241 |
| 650 #0 - SUBJECT ADDED ENTRY--TOPICAL TERM | |
| Topical term or geographic name as entry element | Information storage and retrieval systems |
| General subdivision | Nursing. |
| 9 (RLIN) | 27242 |
| 653 ## - INDEX TERM--UNCONTROLLED | |
| Resource For college | |
| Arrived date list | September2011 |
| 700 1# - ADDED ENTRY--PERSONAL NAME | |
| Personal name | Saba, Virginia K. |
| 9 (RLIN) | 27243 |
| 700 1# - ADDED ENTRY--PERSONAL NAME | |
| Personal name | McCormick, Kathleen Ann. |
| 9 (RLIN) | 27244 |
| 730 0# - ADDED ENTRY--UNIFORM TITLE | |
| Uniform title | Essentials of computers for nurses. |
| 9 (RLIN) | 27245 |
| 856 41 - ELECTRONIC LOCATION AND ACCESS | |
| Materials specified | Table of contents only |
| Uniform Resource Identifier | <a href="http://www.loc.gov/catdir/toc/fy0605/2006272416.html">http://www.loc.gov/catdir/toc/fy0605/2006272416.html</a> |
| 856 42 - ELECTRONIC LOCATION AND ACCESS | |
| Materials specified | Contributor biographical information |
| Uniform Resource Identifier | <a href="http://www.loc.gov/catdir/enhancements/fy0629/2006272416-b.html">http://www.loc.gov/catdir/enhancements/fy0629/2006272416-b.html</a> |
| 856 42 - ELECTRONIC LOCATION AND ACCESS | |
| Materials specified | Publisher description |
| Uniform Resource Identifier | <a href="http://www.loc.gov/catdir/enhancements/fy0629/2006272416-d.html">http://www.loc.gov/catdir/enhancements/fy0629/2006272416-d.html</a> |
| 942 ## - ADDED ENTRY ELEMENTS (KOHA) | |
| Source of classification or shelving scheme | Dewey Decimal Classification |
| Item type | |
| Withdrawn status | Item status | Source of classification or shelving scheme | Damaged status | Not for loan | Vendor | Home library | Current library | Shelving location | Date acquired | Source of acquisition | Cost, normal purchase price | Serial Enumeration / chronology | Total Checkouts | Total Renewals | Full call number | Barcode | Date last seen | Date last borrowed | Koha item type |
|---|---|---|---|---|---|---|---|---|---|---|---|---|---|---|---|---|---|---|---|
| Dewey Decimal Classification | Baccah | Central Library | Central Library | First floor | 18/09/2011 | 377.70 | 143 | 3 | 7 | 610.730285 ESS | 000024760 | 15/07/2025 | 10/03/2014 | Book - Borrowing |